تحمل التبعة : دراسة مقارنة بين التشريعات العربية والفقه الإسلامي /
Saved in:
| 主要作者: | |
|---|---|
| 其他作者: | |
| 格式: | Thesis |
| 语言: | Arabic |
| 出版: |
Mafraq :
Jami'at Al al-Bayt,
1997
|
| 主题: | |
| 标签: |
添加标签
没有标签, 成为第一个标记此记录!
|
| LEADER | 017190000a22003010004500 | ||
|---|---|---|---|
| 008 | 141212s1997 jo f 000 0 ara d | ||
| 040 | |a UIAM |b eng | ||
| 041 | |a ara | ||
| 050 | |a KMC232 | ||
| 100 | 1 | |a عصفور، رائد عبد المنعم أمين | |
| 242 | |a Tahammul al-tabi'ah : |b dirasat uqaranah bayna al-tashri'at al-'arabiyah wa al-fiqh al-Islami | ||
| 245 | 1 | 0 | |a تحمل التبعة : |b دراسة مقارنة بين التشريعات العربية والفقه الإسلامي / |c إعداد، رائد عبد المنعم أمين عصفور |
| 246 | 0 | 5 | |a Carrying out liability : |b a comparative study between Arab Legislation and Islamic Jurisprudence |
| 260 | |a Mafraq : |b Jami'at Al al-Bayt, |c 1997 | ||
| 300 | |a viii, 110 leaves ; |c 30 cm. | ||
| 500 | |a " قدمت هذه الرسالة إستكمالا لمتطلبات الحصول على درجة الماجستير في الحقوق في كلية الدراسات الفقهية والقانونية - قسم الدراسات القانونية - في جامعة آل البيت" --.On t.p. | ||
| 500 | |a Abstract in English and Arabic | ||
| 502 | |a Thesis (M.A.)--Jami'at Al al-Bayt. | ||
| 504 | |a Includes bibliographical references (leaves 101-108). | ||
| 596 | |a 1 | ||
| 650 | 0 | |a Impossibility of performance |z Arab countries | |
| 650 | 0 | |a Liability (Islamic law) | |
| 650 | 0 | |a Impossibility of performance (Islamic law) | |
| 655 | |a Theses, Facsimile edition (Islamic) | ||
| 700 | |a 'Asfur, Ra'id 'Abd al-Mun'im Amin | ||
| 900 | |a arf-lfr | ||
| 999 | |c 432744 |d 466696 | ||
| 952 | |0 0 |6 TI D 000019 KMC 232 A817T 1997 |7 0 |8 THESES |9 754474 |a IIUM |b IIUM |c MULTIMEDIA |g 280.00 |o ti d19 KMC 232 A817T 1997 |p 00011264620 |r 2017-10-23 |t 1 |v 280.00 |y THESIS | ||
